Statystyki dla Manchester City skład 21/22

Kliknij tutaj aby rozwiązać quiz!

Ogólne statystyki

  • Ten quiz został rozwiązany 414 razy
  • Średni wynik to 16 z 22

Statystyki odpowiedzi

PozycjaZawodnik% Poprawnych
BramkarzEderson
98%
PomocnikDe Bruyne
90%
ObrońcaWalker
88%
ObrońcaCancelo
86%
ObrońcaDias
86%
NapastnikJesus
86%
PomocnikFoden
84%
NapastnikSterling
84%
PomocnikSilva
81%
NapastnikMahrez
79%
ObrońcaLaporte
78%
ObrońcaStones
78%
NapastnikGrealish
74%
PomocnikGundogan
74%
PomocnikRodri
73%
ObrońcaAke
66%
ObrońcaZinchenko
63%
BramkarzSteffen
59%
PomocnikFernandinho
57%
BramkarzCarson
43%
PomocnikPalmer
36%
NapastnikKayky
9%

Rozkład punktacji

Percentyl według liczby udzielonych odpowiedzi

Procent ludzi z każdym wynikiem

Twoja historia wyników

Nie rozwiązałeś tego quizu